| 000 | 00000nam##2200000za#4500 |
| 001 | 9.621232 |
| 003 | CaOODSP |
| 005 | 20200327165743 |
| 007 | ta |
| 008 | 150406|1991||||xxc||||| f|0| 0 fre|d |
| 040 | |aCaOODSP|bfre |
| 043 | |an-cn--- |
| 086 | 1 |aFs97-6/1796F |
| 110 | 1 |aCanada. |bMinistère des pêches et des océans. |
| 245 | 10|aRésultats du premier programme de suivi des populations de phytoplancton toxique dans l'estuaire et le Golfe du Saint-Laurent (Région du Québec) / |cpar Richard Larocque et Allen D. Cembella. |
| 260 | |aOttawa - Ontario : |bPêches et Océans Canada |c1991. |
| 300 | |a42p. : |bfigures, graphiques, références ; |c28 cm. |
| 490 | 1 |aRapport technique canadien des sciences halieutiques et aquatiques|v1796 |
| 500 | |aPréparé à la Division de l'océanographie biologique, Ministère des Pêches et des Océans, Institut Maurice-Lamontagne, C.P. 1000, 850 route de la Mer, Mont-Joli (Québec) G5H 3Z4. |
| 546 | |aAbstracts in English |
| 563 | |aCouverture souple |
| 720 | 1 |aLarocque, Richard |
| 720 | 1 |aCembella, Allen D. |
| 776 | 0#|tRésultats du premier programme de suivi des populations de phytoplancton toxique dans l'estuaire et le Golfe du Saint-Laurent (Région du Québec) / |w(CaOODSP)9.603988 |
| 830 | #0|aRapport technique canadien des sciences halieutiques et aquatiques ;|v1796|w(CaOODSP)9.513051 |